Statystyki dla Postacie z serialu 13 posterunek

Kliknij tutaj aby rozwiązać quiz!

Ogólne statystyki

  • Ten quiz został rozwiązany 102 razy
  • Średni wynik to 11 z 20

Statystyki odpowiedzi

20Postacie% Poprawnych
1Czarek
100%
2Kasia
93%
3Arnold
92%
6Komendant
92%
5Stępień
88%
7Zofia
73%
10Zofia Zoficka
71%
12Jola
68%
16inspektor Kot
65%
4Luksus
63%
11Agnieszka
58%
8Andżelika
46%
9Rysio
46%
15Janek
37%
13Alfons
32%
18Rosolak
24%
19Mirella Ciapara
21%
17inspektor Pieżhała
12%
14ksiądz proboszcz
12%
20dowódca antyterrorystów
10%

Rozkład punktacji

Percentyl według liczby udzielonych odpowiedzi

Procent ludzi z każdym wynikiem

Twoja historia wyników

Nie rozwiązałeś tego quizu